Re-viewing reviewing : the reception of modernist poetry in the times literary supplement 1912-1932 : (Record no. 128430)

MARC details
000 -LEADER
fixed length control field 00889nam a22002297a 4500
005 - DATE AND TIME OF LATEST TRANSACTION
control field 20170124110039.0
010 ## - LIBRARY OF CONGRESS CONTROL NUMBER
LC control number A-794491
020 ## - INTERNATIONAL STANDARD BOOK NUMBER
Terms of availability 00.00
International Standard Book Number 8185427615
035 ## - SYSTEM CONTROL NUMBER
System control number A-794491
037 ## - SOURCE OF ACQUISITION
Source of stock number/acquisition Cen Lib/Ret
040 ## - CATALOGING SOURCE
Original cataloging agency DPL
Language of cataloging EN
082 ## - DEWEY DECIMAL CLASSIFICATION NUMBER
Classification number 881.08
Item number RAV
245 ## - TITLE STATEMENT
Title Re-viewing reviewing : the reception of modernist poetry in the times literary supplement 1912-1932 :
Statement of responsibility, etc edited by Sumanyu Satpathy
Remainder of title an anthology /
260 ## - PUBLICATION, DISTRIBUTION, ETC. (IMPRINT)
Place of publication, distribution, etc Madras
Name of publisher, distributor, etc T.R. Publications
Date of publication, distribution, etc 1995
270 ## - ADDRESS
Address PMG Complex, II Floor 57, South Usman Road
City Madras
Postal code 600 017
300 ## - PHYSICAL DESCRIPTION
Extent xii,166p. :
Dimensions 20cm(Hb)
500 ## - GENERAL NOTE
General note Includes index
650 ## - SUBJECT ADDED ENTRY--TOPICAL TERM
Topical term or geographic name as entry element American poetry -- 20th century -- History and criticism.
9 (RLIN) 23376
650 ## - SUBJECT ADDED ENTRY--TOPICAL TERM
Topical term or geographic name as entry element Eliot, T. S. -- (Thomas Stearns), -- 1888-1965 -- Criticism and interpretation.
9 (RLIN) 23377
700 ## - ADDED ENTRY--PERSONAL NAME
Personal name Satpathy, Sumanyu
9 (RLIN) 23378
942 ## - ADDED ENTRY ELEMENTS (KOHA)
Source of classification or shelving scheme Dewey Decimal Classification
Koha item type English Books
Classification part 881.08
Call number suffix RAV
Holdings
Withdrawn status Lost status Damaged status Not for loan Home library Current library Date acquired Source of acquisition Cost, normal purchase price Total Checkouts Full call number Barcode Date last seen Copy number Cost, replacement price Price effective from Koha item type Public note
Written off       Central Library Central Library 02/07/2015 Cen Lib/Ret 0.00   881.08 REC A-794491 02/07/2015 1 0.00 02/07/2015 English Books Written off on approval by DLB (By Circulation); dtd 15-06-2023

© Delhi Public Library
Hit Counter
free hit counter